| 000 | 00404nam a22001455i 4500 | ||
|---|---|---|---|
| 001 | 171386 | ||
| 003 | ES-MaACL | ||
| 005 | 20230906214623.0 | ||
| 008 | 090513s1922 ger |||| | deu d | ||
| 100 | 1 |
_aSoergel, Wolfgang. _9140110 |
|
| 245 | 1 | 4 |
_aDie Jagd der Vorzeit / _cvon W. Soergel. |
| 260 |
_aJena : _bG. Fischer, _c1922. |
||
| 300 |
_aVI, 149 p. : _bil. ; _c24 cm. |
||
| 852 |
_aES-MaACL _jB-8560 |
||
| 999 |
_c171386 _d171386 |
||